| 000 | 00707nam a2200181 a 4500 | ||
|---|---|---|---|
| 001 | 000045785 | ||
| 005 | 20201002052437.0 | ||
| 008 | 150512s1985 pr ac 000 0 spa d | ||
| 040 |
_aDO-SdBNP _bspa _cBNPHU |
||
| 082 |
_axxxx _bxxxx |
||
| 100 | 1 |
_aRodríguez Nietzsche, Vicente _956084 |
|
| 245 | 1 | 0 |
_aNanas para nenes : _bNanas para niños serios / _cVicente Rodríguez Nietzsche, Andrés Castro Ríos. |
| 260 |
_aSan Juan, Puerto Rico : _bPENCLUB de Puerto Rico, _c1985. |
||
| 300 |
_a87 p. : _bil., retrs. ; _c26 cm. |
||
| 505 | 0 |
_aNanas para niños serios / _rAndrés Castro Ríos. |
|
| 500 | _aIncluye datos biográficos de los autores. | ||
| 700 | 1 | 2 |
_aCastro Ríos, Andrés _tNanas para niños serios _973868 |
| 999 |
_c45274 _d45274 |
||